000 01034cam a22003015a 4500
001 15077966
003 OSt
005 20150722101825.0
008 071109s2008 nyua b 001 0 eng
010 _a 2007941224
020 _a9780716771081
020 _a071677108X
040 _aSEKU
050 0 0 _aQD 415
_b.L4 2008
100 1 _aLehninger, Albert L.
245 1 0 _aLehninger principles of biochemistry
_cDavid L. Nelson, Michael M. Cox.
246 3 0 _aPrinciples of biochemistry
250 _a5th ed.
260 _aNew York :
_bW.H. Freeman,
_cc2008.
300 _a1 v. (various pagings) :
_bill. (some col.) ;
_c29 cm.
504 _aIncludes bibliographical references and index.
650 0 _aBiochemistry.
700 1 _aNelson, David L.
_q(David Lee),
_d1942-
700 1 _aCox, Michael M.
856 4 2 _3Publisher description
_uhttp://www.loc.gov/catdir/enhancements/fy0835/2007941224-d.html
856 4 1 _3Table of contents only
_uhttp://www.loc.gov/catdir/enhancements/fy0835/2007941224-t.html
942 _2lcc
_cGEN
999 _c6678
_d6678